| 000 | 00643nam a2200241Ia 4500 | ||
|---|---|---|---|
| 003 | OSt | ||
| 005 | 20220928102410.0 | ||
| 006 | a|||||r|||| 00| 0 | ||
| 007 | ta | ||
| 008 | 220927b |||||||| |||| 00| 0 eng d | ||
| 024 | _a111691 | ||
| 037 | _cTextual | ||
| 040 |
_aSDCL _cSDCL _beng |
||
| 041 |
_2eng _aeng |
||
| 082 | _aO152,1J32:g, L0 | ||
| 100 |
_aShukl Ramchandra _9398115 |
||
| 245 | 0 | _aGoswami tulsidas | |
| 260 |
_aKashi _bNagripracarini Sabha _c1970 |
||
| 300 |
_a158p. _ccm. |
||
| 490 | _aPathaupyogi pustkalya.6 | ||
| 942 |
_hO152,1J32:g, L0 _cTEXL _2CC |
||
| 999 |
_c713942 _d713942 |
||